FBS Schools With Exceptions - Statistics

General Stats
  • This quiz has been taken 18 times
  • The average score is 3 of 5
Answer Stats
Conference Answer % Correct
Mountain West Air Force
75%
ACC Boston College
75%
AAC Army
69%
AAC Navy
69%
ACC Georgia Tech
31%
No matching quizzes found
Score Distribution
Percent of People with Each Score
Percentile by Number Answered
Your Score History
You have not taken this quiz